Normal view
MARC view
Entry Corporate Name
001 - CONTROL NUMBER
- control field: 830331
003 - CONTROL NUMBER IDENTIFIER
- control field:
005 - DATE AND TIME OF LATEST TRANSACTION
- control field: 20210627075844.0
008 - FIXED-LENGTH DATA ELEMENTS
- fixed length control field: 210627|| aca||aabn | a|a d
040 ## - CATALOGING SOURCE
- Original cataloging agency:
- Transcribing agency:
110 ## - HEADING--CORPORATE NAME
- Corporate name or jurisdiction name as entry element: Natural Resources Management and Environment Department
- Subordinate unit: FAO
- Location of meeting: (Rome)
670 ## - SOURCE DATA FOUND
- Source citation: Work cat.: ()709321: Communication and sustainable development, 2007.
